000
002460000a22000970004500
100
1
_a
Robb, John
245
1
0
_a
The power of people group thinking
300
_a
Vol. 15, Núm 51 (1988), Páginas 14-15
773
0
_t
World Evangelization
942
_c
ANA
999
_c
58096
_d
58096